Development and analysis of building elements made from mycelium composite

Guardado en:
Detalles Bibliográficos
Autor principal: Nano, Eglis (Autor)
Otros Autores: Babenko, Maryna (Orientador)
Formato: Manuscrito Libro
Lenguaje:eslovaco
inglés
Publicado: 2025
Materias:
Acceso en línea:http://is.stuba.sk/zp/portal_zp.pl?podrobnosti=191715
CRZP
Etiquetas: Agregar Etiqueta
Sin Etiquetas, Sea el primero en etiquetar este registro!

MARC

LEADER 00000ntm a22000003a 4500
001 stuzp104042
003 SK-STU
005 20250728112927.7
007 ta
008 150427s2015----xo-----f-mn---000-0-slo-d
040 |a STU  |b slo 
041 0 |a eng 
100 1 |a Nano, Eglis  |u 010200  |4 aut  |U SvF Stavebná fakulta  |T SvF Katedra materiálového inžinierstva a fyziky  |X 98534  |U V200  |Y 844  |7 98534 
242 0 1 |a Vývoj a analýza stavebných prvkov vyrobených z mycéliového kompozitu  |y slo 
245 1 0 |a Development and analysis of building elements made from mycelium composite 
260 |c 2025 
650 4 |a kompozit na báze mycélia  |2 slo 
650 4 |a laboratórny výskum  |2 slo 
650 4 |a udržateľnosť  |2 slo 
650 4 |a mycelium based composite  |2 eng 
650 4 |a sustainability  |2 eng 
650 4 |a laboratory research  |2 eng 
700 1 |a Babenko, Maryna  |u 010200  |k Z3  |4 ths  |U SvF Stavebná fakulta  |T SvF Katedra materiálového inžinierstva a fyziky  |X 99410  |U V200  |Y 844  |7 99410 
856 4 |u http://is.stuba.sk/zp/portal_zp.pl?podrobnosti=191715 
856 4 |u https://opac.crzp.sk/?fn=detailBiblioForm&sid=C9A1C75A261DD259F888421E26A3  |z CRZP